Pensar la inmanencia : la filosofía de Gilles Deleuze /

সংরক্ষণ করুন:
গ্রন্থ-পঞ্জীর বিবরন
অন্যান্য লেখক: Aragüés Estragués, Juan Manuel (coordinador.)
বিন্যাস: বৈদ্যুতিন গ্রন্থ
ভাষা:স্প্যানিশ
প্রকাশিত: Zaragoza : Prensas de la Universidad de Zaragoza, 2025.
বিষয়গুলি:
অনলাইন ব্যবহার করুন:https://elibro.unach.elogim.com/es/lc/unach/titulos/292408
ট্যাগগুলো: ট্যাগ যুক্ত করুন
কোনো ট্যাগ নেই, প্রথমজন হিসাবে ট্যাগ করুন!

MARC

LEADER 00000nam a2200000 i 4500
001 ELB292408
003 FINmELB
005 20260131102500.0
006 m o d |
007 cr cnu||||||||
008 260126s2025 sp o 001 0 spa d
020 |a 9791387705619  |q (e-book) 
035 |a (OCoLC)1574227920 
040 |a FINmELB  |b spa  |e rda  |c FINmELB 
050 4 |a B2430.D454  |b P46 2025 
080 |a 1(44) 
082 0 4 |a 194  |2 23 
245 0 0 |a Pensar la inmanencia :  |b la filosofía de Gilles Deleuze /  |c Juan Manuel Aragüés Estragués (coordinador). 
264 1 |a Zaragoza :  |b Prensas de la Universidad de Zaragoza,  |c 2025. 
300 |a 1 recurso en línea (125 páginas) 
336 |a texto  |b txt  |2 rdacontent/spa 
337 |a computadora  |b c  |2 rdamedia/spa 
338 |a recurso en línea  |b cr  |2 rdacarrier/spa 
500 |a Incluye índice. 
588 |a Descripción basada en metadatos suministrados por el editor y otras fuentes. 
590 |a Recurso electrónico. Santa Fe, Arg.: elibro, 2026. Disponible vía World Wide Web. El acceso puede estar limitado para las bibliotecas afiliadas a elibro. 
650 4 |a Deleuze, Gilles,  |d 1925-1995. 
650 4 |a Filosofía francesa  |y Siglo XX. 
650 4 |a Inmanencia (Filosofía) 
655 4 |a Libros electrónicos. 
700 1 |a Aragüés Estragués, Juan Manuel,  |e coordinador. 
797 2 |a elibro, Corp. 
856 4 0 |u https://elibro.unach.elogim.com/es/lc/unach/titulos/292408